| 000 | 00523nam a2200193 a 4500 | ||
|---|---|---|---|
| 001 | 5676 | ||
| 003 | CO-ViMGA | ||
| 008 | 141112s2004 ck r 000 u spa d | ||
| 040 |
_aCO-ViMGA _bspa _cCO-ViMGA |
||
| 082 | 0 | 4 | _aMEVIECAR.6424 A474w |
| 100 | 1 |
_aAitken, Peter G _94107 |
|
| 245 | 1 | 0 |
_aWord perfect para windows : _bGuía práctica |
| 260 |
_aBarcelona : _bGustavo Gili, _c1993 |
||
| 300 | _a249 p | ||
| 590 | _aDatos de inventario : 05757 | ||
| 650 | 1 | 4 | _aWINDOWS |
| 650 | 1 | 4 |
_aWORD PERFECT _949846 |
| 942 |
_2ddc _cBK |
||
| 999 |
_c17657 _d17657 |
||